000 00366nam a2200157Ia 4500
008 230917s9999||||xx |||||||||||||| ||und||
020 _cRS29.01
040 _e48859
_aMAIN
041 _aEnglish
082 _a823.7 D555D
100 _aDickens, Charles
245 0 _aDavid Copperfield
260 _aLondon
_bLongmans
_c1966
300 _alxix, 918 p.
942 _cBK
999 _c59590
_d59590